000 002780000a22000970004500
100 1 _aRevell, E.J.
245 1 0 _aFirts person imperfect forms with waw consecutive --Addenda
300 _aVol. 41, Num. 1 (Enero, 1991), Páginas 122-182
773 0 _tVetus Testamentum
942 _cANA
999 _c57650
_d57650